Polacy w obliczu wojny na Ukrainie
| Titel: | Polacy w obliczu wojny na Ukrainie / [opracował Jonathan Scovil] ; CBOS Centrum Badania Opinii Społecznej. |
|---|---|
| Beteiligt: | |
| Veröffentlicht: | Warszawa : Fundacja Centrum Badania Opinii Społecznej, czerwiec 2022 |
| Umfang: | 18 Seiten : graphische Darstellungen, Tabellen ; 30 cm |
| Format: | Buch |
| Sprache: | Polnisch |
| Schriftenreihe/ mehrbändiges Werk: |
Komunikat z Badań CBOS / Centrum Badania Opinii Społecznej ; nr 86/2022 |
| Hinweise zum Inhalt: |
Inhaltsverzeichnis
|
X
alg: 52286869 001A $03004:31-10-24 001B $01999:25-03-25 $t20:13:14.000 001D $03004:31-10-24 001U $0utf8 001X $00 002@ $0Aau 002C $aText $btxt $2rdacontent 002D $aohne Hilfsmittel zu benutzen $bn $2rdamedia 002E $aBand $bnc $2rdacarrier 003@ $052286869X 003O $01334894899 $aOCoLC 006C $01334894899 $aOCoLC 007A $052286869X $aHEB 007G $0DE02017C4D80E7FAC7BFFC1258C1800467D9C 009P $qapplication/pdf $A2 $3Inhaltsverzeichnis $uhttp://scans.hebis.de/HEBCGI/show.pl?52286869_toc.pdf $mV:DE-603;B:DE-Mb50 010@ $apol 010E $erda 011@ $a2022 $nczerwiec 2022 013D $RBericht $#Technical reports $#Rapports techniques $#Rapporti tecnici $#Informes técnicos $#Forschungsbericht $#Forschungsbericht $74155043-2 $8Forschungsbericht [Ts1] $9085657247 021A $aPolacy w obliczu wojny na Ukrainie $h[opracował Jonathan Scovil] ; CBOS Centrum Badania Opinii Społecznej. 028C $BZusammenstellender $4com $7 $8Scovil, Jonathan [Tnu] $9522868657 033A $pWarszawa $nFundacja Centrum Badania Opinii Społecznej 034D $a18 Seiten 034I $a30 cm 034M $agraphische Darstellungen, Tabellen 036E $aKomunikat z Badań CBOS / Centrum Badania Opinii Społecznej $x2353-4613 $lnr 86/2022 044A $aBroszura $2dbn $S#7 $N655 044A $aDane statystyczne $2dbn $S#7 $N655 044A $aRaport z badań $2dbn $S#7 $N655 044K $RAngriffskrieg $#Russo-Ukrainian War, 2014- $#Russian Invasion of Ukraine, 2022 $#Guerre du Donbass (Ukraine ; 2014-2022) $#Guerre russo-ukrainienne (2022-....) $#Guerra russo-ucraina <2022- > $#Guerra del Donbass <2014- > $#Ukraine-Krieg $#Krieg in der Ukraine $#Russisch-ukrainischer Konflikt $#Ukrainekonflikt $#Ukraine-Konflikt $#Ukrainekrise $#Ukraine-Krise $#Russischer Überfall auf die Ukraine 2022 $#Krieg im Donbas $#Krieg in der Ost-Ukraine $#Krimkrise $7106969780X $8Russisch-Ukrainischer Krieg [Ts1] $9358075335 044K $RUkrainische SSR $#Ukraine $#Ukraine $#Ukraine $#Украïна $#Ukrainische SSR $#Ukrajina $#Ukraina $#Ukraïna Ukraine $#Ukraina Ukraine $#Ukrajna $74061496-7 $8Ukraine [Tg1] $9085170801 044K $RPolin $#Polish people $#Polonais $#Polen (Personen) $#Pole $#Polen (Personen) $74046497-0 $8Polen$gVolk [Ts1] $908512981X 044K $RSoldat $RPrivates Militärunternehmen $#Mercenary troops $#Mercenaires $#Milizie mercenarie $#Mercenari $#Mercenarios $#Söldner $#Söldner $#Solddienst $74055364-4 $8Söldner [Ts1] $9085154083 044K $RDatensammlung $RStochastik $RWahrscheinlichkeitsrechnung $#Mathematical statistics $#Statistics $#Statistique mathématique $#Statistiques $#Statistique $#Statistica $#Estadística matemática $#statistics $#Statistics $#Statistik $#Statistische Methodenlehre $#statistische Methode $#Statistik $#Mathematische Statistik $#Statistische Mathematik $#Statistische Methode $#Statistisches Verfahren $#Statistiken $74056995-0 $8Statistik [Tsz] $9085158704 045F $a355.009438 $eDDC23BSB 045F/01 $a355 045F/03 $g438 lok: 52286869 24 exp: 52286869 24 1 #EPN 201B/01 $008-01-25 $t15:58:24.000 201C/01 $031-10-24 201U/01 $0utf8 203@/01 $01279115416 208@/01 $a08-01-25 $bz 209A/01 $a24.07975 $du $f050 $h24 07975 $x00 209C/01 $a24.07975 K $h24 07975 K 209G/01 $a74943276 $x00 220C/01 $ahae 247C/01 $8358050-7Marburg, Bibliothek des Herder-Instituts Marburg $9102600961 lok: 52286869 78 exp: 52286869 78 1 #EPN 201B/01 $011-11-25 $t11:02:48.000 201C/01 $011-11-25 201U/01 $0utf8 203@/01 $01322375828 208@/01 $a11-11-25 $be 209A/01 $a/ $f000 $x00 209A/01 $ab*p $x01 220C/01 $apgar 244Z/01 $#Generalgouvernement Polen $#Polska $#Rzeczpospolita Polska $#Polska Rzeczpospolita Ludowa $#Poland $#Pologne $#République Polonaise $#Generalne Gubernatorstwo w Polsce $#Polish People's Republic $#Polska Rzeczpospolita Polen $#PRL $#RP $#Polen Generalgouvernement $#Polska Generalgouvernement $#Besetzte Polnische Gebiete $#Besetztes Gebiet in Polen $#Okupowane Polskie Obszary $#Obszary Okupowane w Polsce $#Volksrepublik Polen $#Polska Rosyjska $#Republic Polen $#Respublika Pol'ša $#Pol'skaja Narodnaja Respublika $#République de Pologne $#Polen Links der Weichsel $#Polska po Lewej Stronie Wisły $#Lenkija $#Polija $#Gubernija Carstva Pol'skago $#Republik Polen $74046496-9 $8--Tg1--Polen $x01 $9085129801 247C/01 $82080>Marburg/Lahn, Herder-Institut, Forschungsbibliothek, Bibliographieportal $9336309341
| LEADER | 00000cam a2200000 c 4500 | ||
|---|---|---|---|
| 001 | 52286869X | ||
| 003 | DE-603 | ||
| 005 | 20250325201314.0 | ||
| 007 | tu | ||
| 008 | 241031s2022 xx |||| | u00||u|pol c | ||
| 035 | |a (DE-599)HEB52286869X | ||
| 035 | |a (OCoLC)1334894899 | ||
| 040 | |a DE-603 |b ger |c DE-603 |d DE-603 |e rda | ||
| 041 | |a pol | ||
| 082 | 0 | 4 | |8 1\u |a 355.009438 |q DE-101 |2 23/BSB |
| 085 | |8 1\u |b 355 | ||
| 085 | |8 1\u |z 2 |s 438 | ||
| 245 | 0 | 0 | |a Polacy w obliczu wojny na Ukrainie |c [opracował Jonathan Scovil] ; CBOS Centrum Badania Opinii Społecznej. |
| 264 | 1 | |a Warszawa |b Fundacja Centrum Badania Opinii Społecznej |c czerwiec 2022 | |
| 300 | |a 18 Seiten |b graphische Darstellungen, Tabellen |c 30 cm | ||
| 336 | |a Text |b txt |2 rdacontent | ||
| 337 | |a ohne Hilfsmittel zu benutzen |b n |2 rdamedia | ||
| 338 | |a Band |b nc |2 rdacarrier | ||
| 490 | 0 | |a Komunikat z Badań CBOS / Centrum Badania Opinii Społecznej |x 2353-4613 |v nr 86/2022 | |
| 650 | 7 | |a Russisch-Ukrainischer Krieg |0 (DE-588)106969780X |0 (DE-603)358075335 |2 gnd | |
| 650 | 7 | |a Polen |g Volk |0 (DE-588)4046497-0 |0 (DE-603)08512981X |2 gnd | |
| 650 | 7 | |a Söldner |0 (DE-588)4055364-4 |0 (DE-603)085154083 |2 gnd | |
| 650 | 7 | |a Statistik |0 (DE-588)4056995-0 |0 (DE-603)085158704 |2 gnd | |
| 651 | 7 | |a Ukraine |0 (DE-588)4061496-7 |0 (DE-603)085170801 |2 gnd | |
| 655 | 7 | |a Forschungsbericht |2 gnd-content |0 (DE-588)4155043-2 |0 (DE-603)085657247 | |
| 700 | 1 | |a Scovil, Jonathan |e Zusammenstellender |4 com |0 (DE-603)522868657 | |
| 856 | 4 | 2 | |m V:DE-603;B:DE-Mb50 |q application/pdf |u http://scans.hebis.de/HEBCGI/show.pl?52286869_toc.pdf |3 Inhaltsverzeichnis |
| 924 | 0 | |9 Mb 50 |a (DE-603)1279115416 |b DE-Mb50 |c HES |d c |g 24.07975 | |
| 924 | 0 | |9 2080 |a (DE-603)1322375828 |b DE-2080 |c HES |d d |g / | |


